000 00196 a2200097 4500
020 _a9788423925858
041 _aspa
100 _aVivi Escriva
245 _aCuando Lia Dibujo el Mundo
942 _cK
999 _c30995
_d30993